[Event "Vienna Husek op-B"]
[Site "Vienna"]
[Date "2012.08.17"]
[Round "5"]
[White "Vasilescu, Viorica"]
[Black "Lamb, Ian"]
[Result "0-1"]
[WhiteElo "1432"]
[BlackElo "1675"]
[PlyCount "52"]
[EventDate "2012.08.13"]
[EventType "swiss"]
[EventRounds "7"]
[EventCountry "AUT"]
[SourceTitle "EXT 2014"]
[Source "ChessBase"]
[SourceDate "2013.11.20"]
[SourceVersion "1"]
[SourceVersionDate "2013.11.20"]
[SourceQuality "1"]

1. c4 e5 2. Nc3 Nf6 3. d3 Nc6 4. Nf3 Bb4 5. Bd2 0-0 6. g3 d5 7. cxd5 Nxd5 8. Bg2 Nxc3 9. bxc3 Bd6 10. 0-0 Bd7 11. h3 Qe7 12. Rb1 Rab8 13. Ne1 f5 14. Nc2 f4 15. Nb4 Nxb4 16. cxb4 fxg3 17. fxg3 Rxf1+ 18. Qxf1 Rf8 19. Qd1 Qf7 20. Qb3 Be6 21. Qa4 Qf2+ 22. Kh2 Qxe2 23. Bg5 Bd5 24. Rg1 Rf2 25. Qe8+ Bf8 26. Qd7 Rxg2+ 0-1